000 00362nam a2200133 i 4500
001 bg
100 1 _aPOHL, Zbigniew.
245 0 _aIzolacje wysokonapięciowe w warunkach zwiększonej upływności powierzchniowej /
_cZbigniew Pohl.
260 _aWrocław,
_c1975.
040 _cBPK
041 _apol
942 _cKS
008 s pl f |000 0 pol
999 _c15996
_d15996
856 _uhttp://koha.tu.koszalin.pl/cgi-bin/koha/opac-detail.pl?biblionumber=15996
_yKatalog online BPK